MDQL
is popping MORE tags! Check the
thread
!
Quizzes
Events
Quiz Creation
Community
Videos
Private Events
Remove Ads
Sign In
Join for FREE
Feedback
Dark Mode
Quiz Categories
Sports
Geography
Music
Movies
Television
Just For Fun
Miscellaneous
History
Literature
Language
Science
Gaming
Entertainment
Religion
Holiday
For Kids
Quiz Lab
Recent
Popular Today
Quiz Kudos Today
Editor Picks
Curator Picks
Quizzes by...
Day
Popularity
Type
Ratings
Length
Year
Community
Subscriptions
Recent Discussions
Orange Saloon
Badges
Playlists
Quests
Create
Leaderboards
Showdown
Live 5
Trivia Bingo
Activity
Puzzle Library
Sporcle Events
Private Events
Virtual Trivia
Globe League
Become a Host
Pub Owners
SporcleCon
Opinionation
Our Games
Videos
Blog
Mobile Apps
Partnerships
Remove Ads and Go Orange
Feedback
Sports
Athletes
MLB
NBA
NHL
NFL
Soccer
Sports Teams
WWE
NCAA
Football
Premier League
Basketball
Baseball
Hockey
Golf
Tennis
Cricket
Rugby
Auto Racing
Olympics
World Cup
Sports
Athletes
MLB
NBA
NHL
NFL
Soccer
Sports Teams
WWE
NCAA
Football
Premier League
Basketball
Baseball
Hockey
Golf
Tennis
Cricket
Rugby
Auto Racing
Olympics
World Cup
Random Quiz
Search Sporcle
×
Quiz Lab
Quiz Lab
Sports
jamie
Type in answers that appear in a list
Type in answers that appear in a list
Classic
Best Score? Go Orange.
Jamie Moyer 1st game box score Stats
Can you name the Jamie Moyer 1st game box score players on June 16, 1986?
By
nick222
5m
29 Questions
42 Plays
42 Plays
42 Plays
Comments
Comments
Give Quiz Kudos
Give Quiz Kudos
-
- Ratings
hide this ad
Replay
Link that replays current quiz
Next Quiz
Link to next quiz in quiz playlist
You Got
0%
They Got
Avg Score
38%
Avg Friend Score
Upgrade to see
Score Distribution
Jump to the score distribution portion of the page
Score
0/29
Timer
05:00
0
Plays Today
Position
Player
% Correct
Phillies 1b
Mike Schmidt
92.9%
Cubs 2b
Ryne Sandberg
88.1%
Cubs SP
Jamie Moyer
85.7%
Cubs SS
Shawon Dunston
66.7%
Phillies PH/
C
Darren Daulton
64.3%
Phillies 2b
Juan Samuel
61.9%
Cubs RP
Lee Smith
61.9%
Phillies LF
Von Hayes
59.5%
Cubs C
Jody Davis
59.5%
Cubs 1b
Leon Durham
54.8%
Phillies RF
Glenn Wilson
50%
Cubs RF
Keith Moreland
47.6%
Phillies SP
Steve Carlton
42.9%
Phillies SS
Steve Jeltz
38.1%
Cubs LF
Gary Matthews
35.7%
Position
Player
% Correct
Phillies PH/
LF
Greg Gross
28.6%
Phillies 3b
Rick Schu
26.2%
Cubs C
Steve Lake
26.2%
Phillies RP
Kent Tekulve
19%
Cubs CF/
LF
Jerry Mumphrey
19%
Cubs PH/
CF
Dave Martinez
19%
Phillies PH
Jeff Stone
16.7%
Phillies C
John Russell
14.3%
Phillies RP
Don Carmen
11.9%
Cubs 3b
Davey Lopes
11.9%
Phillies RP
Tom Hume
9.5%
Phillies CF
Ron Roenicke
7.1%
Cubs RP
Jay Baller
7.1%
Phillies PH/
SS
Tom Foley
4.8%
Quiz Playlist
Details
Report
Send in Message
Add To Playlist
Classic:
Type in answers that appear in a list
Quiz Source
Last Updated: Feb 16, 2017
Quiz Scoreboard
CHALLENGE
Sign Up to Join the Scoreboard
Show All
Scores
Hide
Comments
May contain spoilers
Recently Published
Find the 'City' Movie
by crazypaving
Movies
60s
5x2 Blitz: Bands
by SL_Kpop136
Music
30s
Colored Red Africa Blitz
by spor1
Geography
30s
More to Explore
Quiz From the Vault
Featured Blog Post
14 Easter Pick-up Lines to Find Eggs With
hide this ad
You Might Also Like...
Tags
1986
Box
jamie
June
Pitching
Player
score
stat
Today's Top Quizzes in Sports
Browse Sports
hide this ad
Top Contributed Quizzes in Sports
1
Les entraîneurs de l'OM et du PSG au 21e siècle
2
Les meilleurs buteurs des matchs entre le PSG et l’OM
3
Les joueurs passés par le PSG et l'OM
4
Players with Multiple 50 Home Run Seasons
5
2022 World Cup Stars
6
Criteria MLB: Left Handed Sluggers
7
NBA Logic Puzzle 2.0
8
MLB Players with Two .350 Batting Average Seasons
9
Top 10 NHL Goal Scorers of All Time
10
Les joueurs passés par le LOSC et le RC Lens
Explore More
Trending Topics
Kpop
Crossword
Anime
Harry Potter
Disney
NBA
Marvel
Puzzle
NFL
Pokémon
WWE
Country
Song
The Office
Soccer
hide this ad
More By:
nick222
Quiz
Plays
Rating
Category
Featured
Created
Where Am I-Universities in the USA
909
3.13
Geography
Nov 18, 2017
I was a #1 TV show in the 80's or 90's
673
3.00
Entertainment
Feb 26, 2013
MLB Most Hits 1980-89 per team
418
4.50
Sports
May 14, 2011
1989 AL Leaders Batting Average
377
4.42
Sports
Apr 27, 2011
MLB Strikeout Leaders by team 1970-79
374
4.33
Sports
May 9, 2011
Go to Creator's Profile
Score Distribution
Quiz Creator Spotlight
nick222
Follow
Send a Message
Quizzes Created
-
Created Quiz Play Count
-
More By This Creator
Popular Quizzes Today
1
Colored Red Africa Blitz
2
Find the 'City' Movie
3
Find the US States - No Outlines Minefield
4
5x2 Blitz: Bands
5
The Countries of the World
6
Find the US States
7
US States
8
Find the Countries of Europe - No Outlines Minefield
More Sports Quizzes
Sports People who Died in the 1950s
Quiz Lab
Trending Quizzes
Colored Red Europe Blitz I
Colored Red Africa Blitz II
Colored Red Europe Blitz II
Colored Red Europe Blitz III
Colored Red Africa Blitz III
Recently Updated
How Do You Spell That?
pecheneg
Godzilla Movies
pecheneg
Grab Bag: 4-10 Letters
pecheneg
2024 March Madness Bracket
pecheneg
Famous TV Couples
Peacemaker
Champions League XIs: Real Madrid
pecheneg
Largest US Cities 1790-2010
pecheneg
Rides in Walt Disney World
pecheneg
Most Oscar Losses (Acting)
pecheneg
Beyoncé Albums
pecheneg
Trending Topics
NBA
Crossword
Anime
Harry Potter
Marvel
Kpop
Disney
WWE
NFL
Pokémon
The Office
Song
Puzzle
Soccer
Country
Your Account Isn't Verified!
In order to create a playlist on Sporcle, you need to verify the email address you used during registration. Go to your
Sporcle Settings
to finish the process.
Report this User
Report this user for behavior that violates our
Community Guidelines
.
Details:
Send Report
Go to the Sporcle.com Mobile Site →
Comments